[Event "PHI-ch (Women)"]
[Site "Malolos City"]
[Date "2024.03.23"]
[Round "10"]
[White "Ramos, April Joy"]
[Black "Frayna, Janelle Mae"]
[Result "1-0"]
[WhiteElo "1752"]
[BlackElo "2234"]
[PlyCount "83"]
[EventDate "2024.03.17"]
[EventType "tourn"]
[EventRounds "11"]
[EventCountry "PHI"]
[SourceTitle "CB13_2024"]
[SourceDate "2024.03.27"]
[SourceVersion "1"]
[SourceVersionDate "2024.03.27"]
[SourceQuality "1"]

1. d4 g6 2. Nf3 Bg7 3. e4 c5 4. c3 cxd4 5. cxd4 d5 6. e5 Nc6 7. h3 f6 8. Bb5 Nh6 9. 0-0 0-0 10. Re1 Nf7 11. exf6 Bxf6 12. Nc3 Qd6 13. Be3 a6 14. Bf1 b5 15. a3 Bb7 16. b4 Rfe8 17. Qb3 e6 18. Rad1 Qf8 19. g4 Nd6 20. Bg2 Nc4 21. Bc1 Qg7 22. Ne2 a5 23. g5 Bd8 24. Nf4 Qf7 25. Nd3 axb4 26. axb4 Bb6 27. Nc5 Ra1 28. Nh2 Bc8 29. Ng4 Kh8 30. Nh6 Qg7 31. Qc3 Rxc1 32. Qxc1 Nxb4 33. Qb1 Ba5 34. Nb3 Bc7 35. Nc5 Ba5 36. Re2 Bd7 37. Qb3 Nc6 38. Nxd7 Qxd7 39. Qxb5 Rb8 40. Qa4 Rb2 41. Rxb2 Nxb2 42. Qa3 1-0

[Event "PHI-ch (Women)"]
[Site "Malolos City"]
[Date "2024.03.20"]
[Round "5"]
[White "Lacambra, Jarel Renz"]
[Black "Frayna, Janelle Mae"]
[Result "1/2-1/2"]
[WhiteElo "1722"]
[BlackElo "2234"]
[PlyCount "67"]
[EventDate "2024.03.17"]
[EventType "tourn"]
[EventRounds "11"]
[EventCountry "PHI"]
[SourceTitle "CB13_2024"]
[SourceDate "2024.03.27"]
[SourceVersion "1"]
[SourceVersionDate "2024.03.27"]
[SourceQuality "1"]

1. d4 g6 2. Nf3 Bg7 3. e4 d6 4. c3 Nd7 5. Bc4 e6 6. Bg5 Ne7 7. 0-0 h6 8. Bh4 Nb6 9. Bb3 g5 10. Bg3 Ng6 11. Re1 g4 12. Nfd2 h5 13. f4 Kf8 14. Rf1 f5 15. a4 a5 16. Qc2 d5 17. e5 Bh6 18. Na3 Kg7 19. Nb5 h4 20. Bf2 Bxf4 21. c4 g3 22. Be1 gxh2+ 23. Kh1 dxc4 24. Nxc4 Nd5 25. Nxa5 c6 26. Bxd5 cxd5 27. Nd6 Qb6 28. b4 Bg5 29. Qc5 Qxc5 30. bxc5 Be3 31. Nb3 Bd7 32. a5 Bc6 33. Bd2 Bh6 34. Rf3 1/2-1/2

[Event "Bhubaneswar SOA op 1st"]
[Site "Bhubaneswar"]
[Date "2024.02.02"]
[Round "8"]
[White "Tologontegin, Semetey"]
[Black "Frayna, Janelle Mae"]
[Result "1/2-1/2"]
[WhiteElo "2384"]
[BlackElo "2197"]
[PlyCount "129"]
[EventDate "2024.01.28"]
[EventType "swiss"]
[EventRounds "10"]
[EventCountry "IND"]
[SourceTitle "CB06_2024"]
[SourceDate "2024.02.07"]
[SourceVersion "1"]
[SourceVersionDate "2024.02.07"]
[SourceQuality "1"]

1. d4 Nf6 2. Nf3 d5 3. e3 g6 4. Nbd2 Bg7 5. b4 0-0 6. Bb2 Nbd7 7. c4 dxc4 8. Nxc4 Nb6 9. Na5 Nbd5 10. a3 b6 11. Nc6 Qd6 12. Rc1 Bb7 13. Nfe5 Nd7 14. Qf3 e6 15. Bb5 Nxe5 16. Nxe5 Rab8 17. Nc6 a6 18. e4 axb5 19. Nxb8 Rxb8 20. exd5 Bxd5 21. Qg3 Qxg3 22. hxg3 c6 23. f3 h5 24. Kf2 Kf8 25. Rhd1 Ke7 26. Rc3 Kd7 27. Bc1 Ra8 28. Bf4 Rc8 29. Be5 Bf8 30. Bf6 Bd6 31. Rh1 c5 32. Rhc1 c4 33. Rh1 Be7 34. Bxe7 Kxe7 35. Rh4 Kf6 36. g4 hxg4 37. Rxg4 Rh8 38. Rc1 Kf5 39. Ke3 g5 40. Rg3 Ra8 41. Rc3 Rh8 42. Rh3 Rxh3 43. gxh3 e5 44. dxe5 Kxe5 45. Rc1 f5 46. Rg1 f4+ 47. Ke2 Kf5 48. h4 gxh4 49. Rg4 h3 50. Rh4 Ke5 51. Rxh3 Kd4 52. Rh4 Kc3 53. Rxf4 Kb2 54. Rf5 Bg8 55. Rg5 Bf7 56. Rg7 Bd5 57. Rg5 Bf7 58. f4 c3 59. Rg1 Bc4+ 60. Ke3 Kxa3 61. Kd4 Kb2 62. Ke3 Ka3 63. Kd4 Kb2 64. Ke3 Ka3 65. Kd4 1/2-1/2

[Event "Bhubaneswar SOA op 1st"]
[Site "Bhubaneswar"]
[Date "2024.01.30"]
[Round "4"]
[White "Nikhil, M."]
[Black "Frayna, Janelle Mae"]
[Result "1-0"]
[WhiteElo "1900"]
[BlackElo "2197"]
[PlyCount "95"]
[EventDate "2024.01.28"]
[EventType "swiss"]
[EventRounds "10"]
[EventCountry "IND"]
[SourceTitle "CB06_2024"]
[SourceDate "2024.02.07"]
[SourceVersion "1"]
[SourceVersionDate "2024.02.07"]
[SourceQuality "1"]

1. d4 d5 2. c4 e6 3. Nf3 Nf6 4. g3 Be7 5. Bg2 0-0 6. 0-0 c6 7. Qd3 b6 8. b3 Nbd7 9. Nc3 Ba6 10. Bf4 Rc8 11. Rfd1 Ba3 12. Rab1 Qe7 13. e4 h6 14. e5 Ne8 15. h4 Nc7 16. Ne1 b5 17. cxd5 cxd5 18. Qd2 b4 19. Na4 Bb5 20. Nc2 Na8 21. Nxa3 bxa3 22. Nc3 a6 23. Rbc1 Nb8 24. Nb1 Nc6 25. Rc3 Rc7 26. Rcc1 Rcc8 27. Rc3 Rc7 28. Rdc1 Rcc8 29. Rd1 Rc7 30. Rdc1 Qb4 31. Be3 Rfc8 32. Rxc6 Qxd2 33. Rxc7 Qxa2 34. Rxc8+ Kh7 35. Nd2 Bd3 36. Bf1 Bf5 37. Rxa8 Qb2 38. Rcc8 h5 39. Be2 Kg6 40. Rh8 Bg4 41. Bxg4 hxg4 42. Rxa6 a2 43. Rha8 f6 44. exf6 gxf6 45. Rxa2 Qc1+ 46. Kg2 e5 47. dxe5 fxe5 48. R2a6+ 1-0

[Event "Bangalore op 1st"]
[Site "Bangalore"]
[Date "2024.01.23"]
[Round "7"]
[White "De Silva, LMST"]
[Black "Frayna, Janelle Mae"]
[Result "1-0"]
[WhiteElo "2398"]
[BlackElo "2197"]
[PlyCount "105"]
[EventDate "2024.01.18"]
[EventType "swiss"]
[EventRounds "10"]
[EventCountry "IND"]
[SourceTitle "CB05_2024"]
[SourceDate "2024.01.31"]
[SourceVersion "1"]
[SourceVersionDate "2024.01.31"]
[SourceQuality "1"]

1. e4 e5 2. Nf3 Nf6 3. d4 Nxe4 4. Bd3 d5 5. Nxe5 Nd7 6. Nxd7 Bxd7 7. 0-0 Bd6 8. Nc3 Nxc3 9. bxc3 0-0 10. Qh5 f5 11. Re1 c6 12. Bg5 Qc7 13. c4 Be8 14. Qh3 dxc4 15. Bxc4+ Bf7 16. Bd3 g6 17. Qh4 Rfe8 18. Bf6 Rxe1+ 19. Rxe1 Re8 20. Rxe8+ Bxe8 21. Qh6 Bf8 22. Qg5 Bg7 23. Bxg7 Qxg7 24. Qd8 Kf8 25. h4 Qe7 26. Qb8 Qxh4 27. Qxa7 Qe7 28. Qa5 Bf7 29. c4 f4 30. Qd2 g5 31. Be2 h5 32. d5 cxd5 33. cxd5 Bxd5 34. Qxd5 Qxe2 35. Qf5+ Ke8 36. Qc8+ Ke7 37. Qxb7+ Kf6 38. Qc6+ Kg7 39. Qd7+ Kg6 40. Qd6+ Kh7 41. Qc7+ Kg6 42. Qb6+ Kg7 43. Qd4+ Kg6 44. a4 h4 45. Kh2 Kf5 46. Qd7+ Kg6 47. Qc6+ Kg7 48. Qc7+ Kf8 49. Qc5+ Kf7 50. Qf5+ Ke8 51. Qb5+ Qxb5 52. axb5 g4 53. f3 1-0

[Event "Bangalore op 1st"]
[Site "Bangalore"]
[Date "2024.01.21"]
[Round "6"]
[White "Frayna, Janelle Mae"]
[Black "Adireddy, Arjun"]
[Result "1/2-1/2"]
[WhiteElo "2197"]
[BlackElo "2415"]
[PlyCount "140"]
[EventDate "2024.01.18"]
[EventType "swiss"]
[EventRounds "10"]
[EventCountry "IND"]
[SourceTitle "CB05_2024"]
[SourceDate "2024.01.31"]
[SourceVersion "1"]
[SourceVersionDate "2024.01.31"]
[SourceQuality "1"]

1. Nf3 d5 2. c4 c6 3. g3 Nf6 4. Bg2 g6 5. Qa4 Nbd7 6. cxd5 cxd5 7. 0-0 Bg7 8. d4 0-0 9. Nc3 Nb6 10. Qb3 Ne4 11. Bf4 Nxc3 12. Qxc3 Bg4 13. Rac1 Rc8 14. Qd3 Qd7 15. Ne5 Bxe5 16. Bxe5 Nc4 17. b3 Bf5 18. Qd1 Nxe5 19. dxe5 Rxc1 20. Qxc1 Rc8 21. Qa3 b6 22. Rc1 Rxc1+ 23. Qxc1 d4 24. Qc6 Qxc6 25. Bxc6 Kg7 26. Kf1 f6 27. exf6+ Kxf6 28. Ke1 Ke5 29. b4 a5 30. a3 Kd6 31. Ba4 e5 32. h4 e4 33. Kd2 Ke5 34. Bc6 h6 35. Ba4 Be6 36. Bc6 Bd5 37. Be8 g5 38. hxg5 hxg5 39. Ba4 Kd6 40. Bc2 Ke5 41. Ba4 Be6 42. Bc6 Bc4 43. Bb7 Bb5 44. Ba8 Bd7 45. Bb7 a4 46. Ba8 b5 47. Bb7 Be8 48. Ba8 Bd7 49. Bb7 Be6 50. Bc6 Bc4 51. Be8 Kd6 52. Bg6 Bd5 53. Be8 Bc6 54. Bg6 Ke6 55. Bh7 Ke5 56. Bg6 Kf6 57. Bh7 Bd5 58. Kc2 Ke5 59. Bg6 Bc6 60. Kd2 Bd7 61. Bf7 Kd6 62. Kc2 Bc6 63. Kd2 Ke5 64. Bg6 Kf6 65. Bh7 Bd5 66. Kc2 g4 67. Kd2 Kg5 68. Kc2 Kf6 69. Kd2 Kg5 70. Kc2 Kf6 1/2-1/2

[Event "Titled Tuesday intern op 09th Jan Early"]
[Site "Chess.com INT"]
[Date "2024.01.09"]
[Round "1"]
[White "Costachi, Mihnea"]
[Black "Frayna, Janelle Mae"]
[Result "1-0"]
[WhiteElo "2471"]
[BlackElo "2197"]
[PlyCount "93"]
[EventDate "2024.01.09"]
[EventType "swiss (blitz)"]
[EventRounds "11"]
[EventCountry "USA"]
[SourceTitle "CB03_2024"]
[SourceDate "2024.01.17"]
[SourceVersion "1"]
[SourceVersionDate "2024.01.17"]
[SourceQuality "1"]

1. Nc3 Nf6 2. e4 e5 3. Bc4 Nxe4 4. Qh5 Nd6 5. Bb3 Be7 6. Qxe5 0-0 7. Nge2 Nc6 8. Qh5 g6 9. Qf3 Nf5 10. 0-0 Ncd4 11. Nxd4 Nxd4 12. Qf4 Nxb3 13. axb3 c6 14. d3 d5 15. Re1 Bd6 16. Qh6 Qf6 17. Bg5 Qg7 18. Qh4 f6 19. Bh6 Qf7 20. Bxf8 Bxf8 21. Na4 Bf5 22. Qf4 Re8 23. Nc3 a6 24. Rxe8 Qxe8 25. Qc7 Qe7 26. Qxe7 Bxe7 27. h3 Kf7 28. g4 Bd7 29. Kg2 Bd6 30. Ne2 Be5 31. d4 Bd6 32. f4 g5 33. f5 h5 34. c4 h4 35. Nc3 dxc4 36. bxc4 c5 37. d5 Be5 38. Ne4 Bd4 39. Nd6+ Ke7 40. Nxb7 Bxb2 41. Rxa6 Bd4 42. d6+ Kf7 43. Ra7 Bc6+ 44. Kf1 Ke8 45. Na5 Be4 46. Re7+ Kd8 47. Rxe4 1-0

[Event "PHI-ch"]
[Site "Marikina City"]
[Date "2024.01.06"]
[Round "11"]
[White "Frayna, Janelle Mae"]
[Black "Quizon, Daniel"]
[Result "1/2-1/2"]
[WhiteElo "2197"]
[BlackElo "2425"]
[PlyCount "43"]
[EventDate "2023.12.27"]
[EventType "tourn"]
[EventRounds "13"]
[EventCountry "PHI"]
[SourceTitle "CB02_2024"]
[SourceDate "2024.01.10"]
[SourceVersion "1"]
[SourceVersionDate "2024.01.10"]
[SourceQuality "1"]

1. Nf3 Nf6 2. c4 g6 3. g3 Bg7 4. Bg2 d6 5. d4 0-0 6. 0-0 Bf5 7. Nc3 Ne4 8. Nxe4 Bxe4 9. Be3 Nd7 10. Qd2 c5 11. Rfd1 cxd4 12. Bxd4 Bxd4 13. Qxd4 Bxf3 14. Bxf3 Qc7 15. Rac1 a5 16. Bg2 Rac8 17. b3 Nf6 18. Bh3 Rcd8 19. Bg2 Rc8 20. Bh3 Rcd8 21. Bg2 Rc8 22. Bh3 1/2-1/2

[Event "PHI-ch"]
[Site "Marikina City"]
[Date "2023.12.29"]
[Round "4"]
[White "Frayna, Janelle Mae"]
[Black "San Diego, Marie Antoinette"]
[Result "1/2-1/2"]
[WhiteElo "2197"]
[BlackElo "2081"]
[PlyCount "80"]
[EventDate "2023.12.27"]
[EventType "tourn"]
[EventRounds "13"]
[EventCountry "PHI"]
[SourceTitle "CB02_2024"]
[SourceDate "2024.01.10"]
[SourceVersion "1"]
[SourceVersionDate "2024.01.10"]
[SourceQuality "1"]

1. c4 Nf6 2. g3 c6 3. Nf3 d5 4. Bg2 Bf5 5. Qb3 Qb6 6. d3 e6 7. Be3 Qxb3 8. axb3 a6 9. Nh4 Bg6 10. Bd2 Nbd7 11. b4 Rc8 12. Nxg6 hxg6 13. 0-0 Be7 14. Bc3 e5 15. e3 0-0 16. Nd2 Bd6 17. Rfd1 Rfe8 18. Nb3 Nf8 19. Nc5 Rb8 20. Nb3 Rbc8 21. e4 d4 22. Bd2 Ne6 23. c5 Bc7 24. Na5 Bxa5 25. Rxa5 g5 26. f3 Nh7 27. Bh3 Nhf8 28. Kf2 Rc7 29. Rh1 f6 30. Bg4 g6 31. h4 Rh7 32. h5 Ng7 33. h6 Nge6 34. Raa1 Ree7 35. Rae1 Rh8 36. Rh2 Reh7 37. Reh1 Rf7 38. Re1 Rfh7 39. Reh1 Rf7 40. Re1 Rfh7 1/2-1/2

[Event "Asian Games (Women)"]
[Site "Hangzhou"]
[Date "2023.09.25"]
[Round "4"]
[White "Munkhzul, Turmunkh"]
[Black "Frayna, Janelle Mae"]
[Result "1/2-1/2"]
[WhiteElo "2246"]
[BlackElo "2215"]
[PlyCount "87"]
[EventDate "2023.09.24"]
[EventType "swiss (rapid)"]
[EventRounds "9"]
[EventCountry "CHN"]
[SourceTitle "EXT 2024"]
[Source "ChessBase"]
[SourceDate "2023.10.10"]
[SourceVersion "1"]
[SourceVersionDate "2023.10.10"]
[SourceQuality "1"]

1. e4 Nf6 2. Nc3 d5 3. exd5 Nxd5 4. Bc4 Nb6 5. Bb3 g6 6. Qf3 e6 7. Nge2 Bg7 8. h4 h6 9. d3 Nc6 10. Be3 Na5 11. 0-0-0 Nxb3+ 12. axb3 a5 13. g4 Nd5 14. Nxd5 Qxd5 15. Qxd5 exd5 16. f3 0-0 17. Bd4 Bxd4 18. Nxd4 Bd7 19. Rde1 Rfe8 20. Kd2 Kg7 21. Rxe8 Rxe8 22. Re1 Rxe1 23. Kxe1 Kf6 24. Kf2 g5 25. hxg5+ hxg5 26. Ne2 Ke5 27. Ke3 f5 28. gxf5 Bxf5 29. f4+ gxf4+ 30. Nxf4 d4+ 31. Kf3 c5 32. Ng2 Bd7 33. Ne1 Bc6+ 34. Ke2 b5 35. Kd2 Bd5 36. Ke2 b4 37. Nf3+ Kf4 38. Nd2 Kg3 39. Nf1+ Kg4 40. Nd2 Kf4 41. Kf2 Kg4 42. Ke2 Kf4 43. Kf2 Kg4 44. Ke2 1/2-1/2

[Event "Asian Games (Women)"]
[Site "Hangzhou"]
[Date "2023.09.24"]
[Round "2"]
[White "San Diego, Marie Antoinette"]
[Black "Frayna, Janelle Mae"]
[Result "1/2-1/2"]
[WhiteElo "2156"]
[BlackElo "2215"]
[PlyCount "62"]
[EventDate "2023.09.24"]
[EventType "swiss (rapid)"]
[EventRounds "9"]
[EventCountry "CHN"]
[SourceTitle "EXT 2024"]
[Source "ChessBase"]
[SourceDate "2023.10.10"]
[SourceVersion "1"]
[SourceVersionDate "2023.10.10"]
[SourceQuality "1"]

1. d4 d5 2. Nf3 Nf6 3. c4 c6 4. cxd5 cxd5 5. Nc3 Nc6 6. Bf4 Bf5 7. e3 e6 8. Bd3 Bxd3 9. Qxd3 Bd6 10. Bxd6 Qxd6 11. 0-0 0-0 12. Rac1 Rfc8 13. a3 h6 14. Ne2 Ne7 15. Ne5 Nd7 16. Nxd7 Qxd7 17. Qd2 Nf5 18. Rxc8+ Rxc8 19. Rc1 Nd6 20. Rxc8+ Qxc8 21. Qc1 Qxc1+ 22. Nxc1 Kf8 23. Kf1 Ke7 24. Ke2 f6 25. Nd3 b6 26. f3 g5 27. b3 h5 28. a4 h4 29. g3 hxg3 30. hxg3 Nf5 31. g4 Nd6 1/2-1/2

[Event "Titled Tuesday intern op 05th Sep Early"]
[Site "Chess.com INT"]
[Date "2023.09.05"]
[Round "8"]
[White "Tifferet, Shaked"]
[Black "Frayna, Janelle Mae"]
[Result "1-0"]
[WhiteElo "2280"]
[BlackElo "2215"]
[PlyCount "65"]
[EventDate "2023.09.05"]
[EventType "swiss (blitz)"]
[EventRounds "11"]
[EventCountry "USA"]
[SourceTitle "EXT 2024"]
[Source "ChessBase"]
[SourceDate "2023.10.10"]
[SourceVersion "1"]
[SourceVersionDate "2023.10.10"]
[SourceQuality "1"]

1. d4 Nf6 2. Nc3 d5 3. Bf4 g6 4. e3 Bg7 5. h4 h5 6. Be2 0-0 7. Nf3 Bg4 8. Ne5 Bxe2 9. Qxe2 Nbd7 10. 0-0-0 c6 11. f3 b5 12. g4 b4 13. Nxc6 Qb6 14. Nxe7+ Kh7 15. Ncxd5 Nxd5 16. Nxd5 Qa5 17. Qc4 Rfc8 18. Qb3 Nb6 19. Nxb4 Nc4 20. a3 Qb5 21. Kb1 a5 22. Nd3 Qc6 23. gxh5 Ra6 24. hxg6+ fxg6 25. Nc5 Nxb2 26. Nxa6 Na4 27. Nc5 Nxc5 28. dxc5 Qxc5 29. h5 g5 30. h6 Bc3 31. Qb7+ Kh8 32. Bd6 Qc4 33. Qd5 1-0

[Event "Titled Tuesday intern op 15th Aug Early"]
[Site "Chess.com INT"]
[Date "2023.08.15"]
[Round "4"]
[White "Frayna, Janelle Mae"]
[Black "Kleiman, Jake"]
[Result "0-1"]
[WhiteElo "2243"]
[BlackElo "2399"]
[PlyCount "20"]
[EventDate "2023.08.15"]
[EventType "swiss (blitz)"]
[EventRounds "11"]
[EventCountry "USA"]
[SourceTitle "EXT 2024"]
[Source "ChessBase"]
[SourceDate "2023.10.10"]
[SourceVersion "1"]
[SourceVersionDate "2023.10.10"]
[SourceQuality "1"]

1. Nf3 d5 2. c4 e6 3. g3 Nf6 4. Bg2 dxc4 5. 0-0 a6 6. a4 Nc6 7. Qc2 e5 8. Qxc4 Be6 9. Qc2 e4 10. Ng5 Nd4 0-1

[Event "Titled Tuesday intern op 15th Aug Early"]
[Site "Chess.com INT"]
[Date "2023.08.15"]
[Round "3"]
[White "Mekhitarian, Krikor Sevag"]
[Black "Frayna, Janelle Mae"]
[Result "1-0"]
[WhiteElo "2540"]
[BlackElo "2243"]
[PlyCount "117"]
[EventDate "2023.08.15"]
[EventType "swiss (blitz)"]
[EventRounds "11"]
[EventCountry "USA"]
[SourceTitle "EXT 2024"]
[Source "ChessBase"]
[SourceDate "2023.10.10"]
[SourceVersion "1"]
[SourceVersionDate "2023.10.10"]
[SourceQuality "1"]

1. Nf3 Nf6 2. c4 e6 3. d4 d5 4. cxd5 exd5 5. Nc3 c6 6. Bf4 Bd6 7. Bxd6 Qxd6 8. e3 0-0 9. Qb3 Re8 10. Bd3 a5 11. a3 b5 12. 0-0 Bg4 13. Ne5 Nbd7 14. f4 Nb6 15. Qc2 Bd7 16. Rae1 Nc4 17. h3 Rab8 18. g4 c5 19. g5 Ne4 20. Bxe4 dxe4 21. Nxe4 Qc7 22. Nxc5 Bxh3 23. Rf2 Nd6 24. Na6 Qxc2 25. Rxc2 Rbc8 26. Rxc8 Rxc8 27. Nc5 f6 28. gxf6 gxf6 29. Ned3 Kf7 30. Kf2 Bf5 31. e4 Be6 32. Nxe6 Kxe6 33. Nc5+ Kf7 34. Rh1 Rh8 35. Kf3 h5 36. e5 Nc4 37. b3 Nxa3 38. Ne4 Nc2 39. Nxf6 Nxd4+ 40. Ke4 Nxb3 41. Nd5 Nc5+ 42. Kd4 Ne6+ 43. Ke3 h4 44. f5 Nc5 45. Rc1 h3 46. Rxc5 h2 47. e6+ Kg8 48. Rc8+ Kg7 49. f6+ Kh7 50. Rxh8+ Kxh8 51. e7 h1Q 52. e8Q+ Kh7 53. Qf7+ Kh6 54. Qg7+ Kh5 55. Qh7+ Kg4 56. Qxh1 Kf5 57. Qe4+ Kg5 58. f7 Kh6 59. f8Q+ 1-0

[Event "Titled Tuesday intern op 15th Aug Early"]
[Site "Chess.com INT"]
[Date "2023.08.15"]
[Round "11"]
[White "Seifert, Henryk"]
[Black "Frayna, Janelle Mae"]
[Result "0-1"]
[WhiteElo "2106"]
[BlackElo "2243"]
[PlyCount "60"]
[EventDate "2023.08.15"]
[EventType "swiss (blitz)"]
[EventRounds "11"]
[EventCountry "USA"]
[SourceTitle "EXT 2024"]
[Source "ChessBase"]
[SourceDate "2023.10.10"]
[SourceVersion "1"]
[SourceVersionDate "2023.10.10"]
[SourceQuality "1"]

1. e4 Nf6 2. Nc3 d5 3. e5 Nfd7 4. d4 e6 5. Nf3 c5 6. dxc5 Nc6 7. Bf4 Bxc5 8. Bd3 f6 9. exf6 Qxf6 10. Bg3 0-0 11. 0-0 h6 12. a3 Nb6 13. Qe2 Bd7 14. Rae1 Rae8 15. Ne5 Bd4 16. Nxc6 Bxc6 17. Be5 Bxe5 18. Qxe5 Qxe5 19. Rxe5 Nd7 20. Re2 e5 21. Bb5 Nf6 22. Rfe1 e4 23. f3 exf3 24. Rxe8 Rxe8 25. Rxe8+ Nxe8 26. gxf3 Nd6 27. Bd3 d4 28. Ne4 Bxe4 29. Bxe4 Nxe4 30. f4 Kf7 0-1

[Event "FIDE World Cup (Women)"]
[Site "Baku"]
[Date "2023.07.30"]
[Round "1.1"]
[White "Aulia, Medina Warda"]
[Black "Frayna, Janelle Mae"]
[Result "1-0"]
[WhiteElo "2355"]
[BlackElo "2243"]
[PlyCount "73"]
[EventDate "2023.07.30"]
[EventType "k.o."]
[EventRounds "7"]
[EventCountry "AZE"]
[SourceTitle "EXT 2024"]
[Source "ChessBase"]
[SourceDate "2023.10.10"]
[SourceVersion "1"]
[SourceVersionDate "2023.10.10"]
[SourceQuality "1"]

1. e4 c6 2. d4 d5 3. Nc3 dxe4 4. Nxe4 Bf5 5. Ng3 Bg6 6. h4 h6 7. Nf3 Nd7 8. h5 Bh7 9. Bd3 Bxd3 10. Qxd3 e6 11. Bd2 Ngf6 12. 0-0-0 Be7 13. Kb1 0-0 14. Ne4 c5 15. Bc1 Qc7 16. Nxf6+ Nxf6 17. Ne5 cxd4 18. f4 Bd6 19. Qe2 Rfd8 20. Rh3 Rac8 21. Rxd4 Bf8 22. Rc4 Qa5 23. Rxc8 Rxc8 24. g4 Nd5 25. c3 Qa4 26. c4 Nb6 27. b3 Qb4 28. Nd3 Qa5 29. Bd2 Qa3 30. g5 Nxc4 31. Bc1 Qa6 32. bxc4 Qxc4 33. Bb2 hxg5 34. fxg5 Qb5 35. g6 Ba3 36. gxf7+ Kf8 37. Qe5 1-0

[Event "Asia zt 3.3 (Women)"]
[Site "Jakarta"]
[Date "2023.05.12"]
[Round "9"]
[White "Frayna, Janelle Mae"]
[Black "Le, Thanh Tu"]
[Result "1/2-1/2"]
[WhiteElo "2266"]
[BlackElo "2103"]
[PlyCount "96"]
[EventDate "2023.05.06"]
[EventType "swiss"]
[EventRounds "9"]
[EventCountry "INA"]
[SourceTitle "CBM 214 Extra"]
[Source "ChessBase"]
[SourceDate "2023.07.31"]
[SourceVersion "1"]
[SourceVersionDate "2023.07.31"]
[SourceQuality "1"]

1. e4 e6 2. d4 d5 3. Nc3 Nf6 4. Bg5 Be7 5. e5 Nfd7 6. Bxe7 Qxe7 7. Nb5 Nb6 8. a4 a6 9. a5 axb5 10. axb6 Rxa1 11. Qxa1 cxb6 12. Bxb5+ Nc6 13. c3 0-0 14. Nf3 Bd7 15. Bxc6 Bxc6 16. 0-0 Bb5 17. Re1 Bc4 18. Qa7 b5 19. Qa5 Rc8 20. h3 h6 21. Nd2 Rc6 22. Qa8+ Kh7 23. Qa1 b4 24. Re3 bxc3 25. bxc3 b5 26. Rg3 Rb6 27. Qd1 b4 28. Qg4 Qg5 29. Qd1 Qe7 30. cxb4 Rxb4 31. Qc2+ Kh8 32. Qc3 Ra4 33. Qf3 Ra1+ 34. Kh2 Ra2 35. Qf4 Rb2 36. h4 Ra2 37. h5 Be2 38. Nf3 Bxf3 39. Rxf3 Kg8 40. Rg3 Ra3 41. Rg4 Kh8 42. f3 Ra4 43. Qg3 Qf8 44. Qh4 Rc4 45. Rf4 Kg8 46. Rg4 Kh8 47. Rf4 Kg8 48. Kg3 Ra4 1/2-1/2

[Event "Asia zt 3.3 (Women)"]
[Site "Jakarta"]
[Date "2023.05.11"]
[Round "8"]
[White "Vo, Thi Kim Phung"]
[Black "Frayna, Janelle Mae"]
[Result "1-0"]
[WhiteElo "2351"]
[BlackElo "2266"]
[PlyCount "103"]
[EventDate "2023.05.06"]
[EventType "swiss"]
[EventRounds "9"]
[EventCountry "INA"]
[SourceTitle "CBM 214 Extra"]
[Source "ChessBase"]
[SourceDate "2023.07.31"]
[SourceVersion "1"]
[SourceVersionDate "2023.07.31"]
[SourceQuality "1"]

1. d4 Nf6 2. c4 e6 3. Nc3 d5 4. cxd5 exd5 5. Bg5 Be7 6. e3 c6 7. Qc2 Nbd7 8. Bd3 0-0 9. Nge2 Re8 10. 0-0 h6 11. Bh4 Nh5 12. Bxe7 Qxe7 13. Rab1 Ndf6 14. b4 a6 15. a4 b5 16. h3 g6 17. Rfe1 Ng7 18. Ng3 h5 19. e4 h4 20. Nf1 Bd7 21. exd5 Qxe1 22. Rxe1 Rxe1 23. dxc6 Bxc6 24. Ne2 Bd5 25. Qd2 Ra1 26. Qg5 Be4 27. Nf4 Nh7 28. Qc5 Bxd3 29. Nxd3 bxa4 30. Qc3 Rb1 31. Qc2 Ra1 32. Qb2 Rd1 33. Qe2 Rb1 34. Qa2 Rd1 35. Ne5 Ne6 36. Qxa4 Rxd4 37. Ne3 Rdd8 38. Nc6 Re8 39. Nd5 Neg5 40. Qa1 f6 41. Nb6 Re6 42. Nxa8 Rxc6 43. Qd1 Nf7 44. Qd4 g5 45. Nb6 Rd6 46. Qc5 Nf8 47. Nd5 Ng6 48. Qc8+ Kg7 49. Nc7 Rd1+ 50. Kh2 Nge5 51. Ne6+ Kh6 52. Qg8 1-0

[Event "Asia zt 3.3 (Women)"]
[Site "Jakarta"]
[Date "2023.05.08"]
[Round "3"]
[White "Frayna, Janelle Mae"]
[Black "Fronda Pascua, Jan Jodilyn"]
[Result "1/2-1/2"]
[WhiteElo "2266"]
[BlackElo "2154"]
[PlyCount "64"]
[EventDate "2023.05.06"]
[EventType "swiss"]
[EventRounds "9"]
[EventCountry "INA"]
[SourceTitle "CBM 214 Extra"]
[Source "ChessBase"]
[SourceDate "2023.07.31"]
[SourceVersion "1"]
[SourceVersionDate "2023.07.31"]
[SourceQuality "1"]

1. d4 d5 2. c4 c6 3. cxd5 cxd5 4. Nc3 Nf6 5. Nf3 Nc6 6. Bf4 a6 7. e3 Bf5 8. Be2 e6 9. 0-0 Bd6 10. Bxd6 Qxd6 11. Na4 Nd7 12. Rc1 0-0 13. Nc5 Nxc5 14. Rxc5 Rac8 15. Qd2 Ne7 16. Rxc8 Rxc8 17. Rc1 Rxc1+ 18. Qxc1 Qc6 19. Qxc6 Nxc6 20. Kf1 Kf8 21. Ke1 Ke7 22. Ne5 Nxe5 23. dxe5 f6 24. f4 fxe5 25. fxe5 Be4 26. g3 h6 27. Kd2 Bb1 28. a3 Be4 29. Kc3 Kd7 30. b4 Bf5 31. Kd4 Kc7 32. Bf1 Kb6 1/2-1/2

[Event "Wch Blitz (Women)"]
[Site "Almaty"]
[Date "2022.12.30"]
[Round "14"]
[White "Beydullayeva, Govhar"]
[Black "Frayna, Janelle Mae"]
[Result "0-1"]
[WhiteElo "2256"]
[BlackElo "2306"]
[PlyCount "118"]
[EventDate "2022.12.29"]
[EventType "swiss (blitz)"]
[EventRounds "17"]
[EventCountry "KAZ"]
[SourceTitle "CBM 211 Extra"]
[Source "ChessBase"]
[SourceDate "2023.01.31"]
[SourceVersion "1"]
[SourceVersionDate "2023.01.31"]
[SourceQuality "1"]

1. d4 Nf6 2. c4 g6 3. Nc3 d5 4. cxd5 Nxd5 5. e4 Nxc3 6. bxc3 Bg7 7. Bc4 c5 8. Ne2 Qc7 9. Bf4 e5 10. Bxe5 Bxe5 11. dxe5 Qxe5 12. 0-0 0-0 13. Bd5 Nc6 14. c4 Be6 15. f4 Qc7 16. f5 Bxd5 17. exd5 Ne5 18. Ng3 Nxc4 19. Qc1 b5 20. f6 Qe5 21. Nf5 Kh8 22. Ne7 Rad8 23. Kh1 Qe3 24. Qd1 Rfe8 25. Qg4 Qh6 26. Rad1 Ne3 27. Qf3 Nxd1 28. Rxd1 c4 29. d6 b4 30. d7 Rf8 31. Nc6 c3 32. Qd3 Qf4 33. Nxd8 Rxd8 34. Re1 Qxf6 35. Re8+ Kg7 36. h3 c2 37. Qxc2 Rxd7 38. Re1 Qc3 39. Qe2 a5 40. Qe8 Rc7 41. Re3 Qf6 42. Qa8 Re7 43. Rxe7 Qxe7 44. Qxa5 Qe1+ 45. Kh2 Qc3 46. Qa4 Qa3 47. Qb5 Qc3 48. Qb6 h5 49. Qb5 Qd4 50. Qa4 h4 51. a3 Qe5+ 52. Kg1 Qe3+ 53. Kf1 Qd3+ 54. Kf2 Qxa3 55. Qb5 Qb2+ 56. Kf3 Qc3+ 57. Ke4 b3 58. Kf4 b2 59. Kg5 Qc1+ 0-1